All TF2 Demoman Weapons - Statistics

General Stats
  • This quiz has been taken 16 times
  • The average score is 20 of 25
Answer Stats
Weapon Slot Weapon % Correct
Melee Bottle
100%
Secondary Stickybomb Launcher
100%
Melee Eyelander
91%
Primary Grenade Launcher
91%
Primary Iron Bomber
91%
Primary Loose Cannon
91%
Melee Persian Persuader
91%
Secondary Quickiebomb Launcher
91%
Secondary Scottish Resistance
91%
Secondary Splendid Screen
91%
Secondary Tide Turner
91%
Primary Ali Baba's Wee Booties
82%
Primary Bootlegger
82%
Secondary Chargin' Targe
82%
Primary Loch-n-Load
82%
Melee Scottish Handshake
82%
Secondary Sticky Jumper
82%
Primary B.A.S.E. Jumper
73%
Melee Horseless Headless Horsemann's Headtaker
73%
Melee Nessie's Nine Iron
73%
Melee Scotsman's Skullcutter
73%
Melee Ullapool Caber
73%
Melee Claidheamh Mòr
64%
Melee Half-Zatoichi
55%
Melee Pain Train
55%
No matching quizzes found
Score Distribution
Percent of People with Each Score
Percentile by Number Answered
Your Score History
You have not taken this quiz